|
|
|
|
| LEADER |
00000nab a2200000 a 4500 |
| 001 |
vtls000062303 |
| 003 |
SK-MaSNL |
| 005 |
20260303024709.0 |
| 008 |
111103c1980 xo 0 slo |
| 015 |
|
|
|a SNBRB19rr/mm-uuuuu
|
| 035 |
|
|
|a CL0072403
|
| 040 |
|
|
|a SNKBUCL
|b slo
|c SNKBUCL
|e AACR2
|
| 041 |
0 |
|
|a slo
|
| 044 |
|
|
|a xo
|c SK
|
| 080 |
|
|
|a 75
|2 1981
|
| 080 |
|
|
|a 92 Lakomá-Krausová, Ľudmila
|2 1981
|
| 100 |
1 |
|
|a Pirnaga, Karol
|4 aut
|9 374790
|
| 245 |
1 |
0 |
|a Maliarka Zemplína
|c Karol Pirnaga
|
| 300 |
|
|
|b Obr. 2.
|
| 600 |
1 |
7 |
|a Lakomá-Krausová, Ľudmila,
|d 1940-
|2 snkbucl
|9 194627
|
| 655 |
|
7 |
|a články z novín a časopisov
|2 snkbucl
|9 267496
|
| 773 |
0 |
|
|t Východoslovenské noviny
|g Roč. 28, č. 162 (11. 7. 1980), s. 11
|
| 850 |
|
|
|a Slovenská národná knižnica v Martine
|a MTA001
|
| 852 |
|
|
|a SNK
|b KIS3GCP
|
| 958 |
|
|
|a RK
|
| 992 |
|
|
|a RBX
|
| 999 |
|
|
|c 1642049
|d 1643979
|